1325 1864 1062 1370 1285 1345 1823 1049 1366 1317 1586 1427 1232 1891 1827 1256 1956 1788 1345 1846 1953 1504 1476 1077 1246 1647 1985 1107 1362 1843 1943 1341 1219 1916 1288 1194 1952 1015 1251 1270 1489 1329 1992 1690 1435 1542 1631 1275 1013 1414 1952 1542 1306 1331 1652 1054 1518 1614 1821 1863 1837 1633 1289 1317 1099 1604 1339 1956 1705 1202 1888 1497 1640 1916 1416 1716 1184 1720 1258 1776 1769 1408 1526 1754 1651 1587 1212 1945 1195 1312 1640 1864 1378 1297 1621 1993 1453 1499 1765 BCNSPRNW ULIB Ver.6.0+V

เปลี่ยนเป็นภาษาไทย

Change to English
 แสดงรายละเอียดบรรณานุกรม
  กลับหน้าหลัก

Brief Record : Get Marc (ISO 2709) : E-mail record : QR code < ปิดหน้าต่าง
LEADER : 00000nam 2200000uu 4500
001    13399126201
003     ULIB
008    180717s2551||||th 000 0 tha d
020    ^a9749297253
060 04 ^aWY152.5^bผ225ก
100 0  ^aผ่องพรรณ อรุณแสง
245 10 ^aการพยาบาลผู้ป่วยโรคหัวใจและหลอดเลือด /^cผ่องพรรณ อรุณแสง
250    ^aพิมพ์ครั้งที่ 5
260    ^aขอนแก่น :^bคณะพยาบาลศาสตร์ มหาวิทยาลัยขอนแก่น,^c2551
300    ^aก-ฐ, 393 หน้า :^bภาพประกอบ ;^c26 ซม.
650  7 ^aหัวใจร่วมหลอดเลือด, โรค^xการพยาบาล
650  7 ^aหลอดเลือด, โรค^xการพยาบาล
650  7 ^aหัวใจ, โรค^xการพยาบาล
710 2  ^aมหาวิทยาลัยขอนแก่น. ^bคณะพยาบาลศาสตร์
945    ^p250^l0^i025511
945    ^p250^l0^i025512
945    ^p250^l0^i025509
945    ^p250^l0^i025508
945    ^p250^l0^i025507
945    ^p250^l0^i025510
999    ^aประนอม เกษจรัล
รายการนี้ยังไม่มีแท็ก
คุณยังไม่ได้ล็อกอิน คุณสามารถมีกิจกรรมร่วมกับเว็บไซต์ได้ แต่ต้องล็อกอินก่อน ::
  ล็อกอิน

รายการสื่อสารสนเทศ

ลำดับที่ ประเภท เลขเรียก/บาร์โค้ด สถานที่ สถานะ
1. Book การพยาบาล
Book การพยาบาล
WY152.5 ผ225ก ฉ.10 
  Barcode: 025512
ห้องสมุดวิทยาเขตสวรรค์ประชารักษ์
►หนังสือทั่วไป
บนชั้น
2. Book การพยาบาล
Book การพยาบาล
WY152.5 ผ225ก ฉ.5 
  Barcode: 025507
ห้องสมุดวิทยาเขตสวรรค์ประชารักษ์
►หนังสือทั่วไป
บนชั้น
3. Book การพยาบาล
Book การพยาบาล
WY152.5 ผ225ก ฉ.6 
  Barcode: 025508
ห้องสมุดวิทยาเขตสวรรค์ประชารักษ์
►หนังสือทั่วไป
บนชั้น
4. Book การพยาบาล
Book การพยาบาล
WY152.5 ผ225ก ฉ.7 
  Barcode: 025509
ห้องสมุดวิทยาเขตสวรรค์ประชารักษ์
►หนังสือทั่วไป
บนชั้น
5. Book การพยาบาล
Book การพยาบาล
WY152.5 ผ225ก ฉ.8 
  Barcode: 025510
ห้องสมุดวิทยาเขตสวรรค์ประชารักษ์
►หนังสือทั่วไป
บนชั้น
6. Book การพยาบาล
Book การพยาบาล
WY152.5 ผ225ก ฉ.9 
  Barcode: 025511
ห้องสมุดวิทยาเขตสวรรค์ประชารักษ์
►หนังสือทั่วไป
บนชั้น

รายการใกล้เคียง
    ผู้แต่ง [ผ่องพรรณ อรุณแสง]

BibComment


ยังไม่เคยถูกคอมเมนท์

คอมเมนท์ทรัพยากรรายการนี้
  คอมเมนท์: การพยาบาลผู้ป่วย..


 Copyright 2026. Bcnsprnw @Library